01014nab a22002297a 4500003000400000005001700004008004100021040000700062100003400069245007800103260004200181300001300223500003700236505016800273505008900441650002000530650002400550650002800574650003100602650003600633773011500669OSt20260213103714.0190506c xxu||||| |||| 00| 0 spa d cPJ aSánchez, María Verónica10aSindicatos. La necesidad de reinventarse /cMaría Verónica Sánchez. aBuenos Aires :bAbeledoPerrot,c2023. ap. 12-16 aCita: TR LALEY AR/DOC/1200/2023. aSumario: I. Estado de la cuestión.— II. Sistema sindical argentino.— III. Doctrina social de la Iglesia.—IV. Corolario.— V. Referencias bibliográficas. t¿Te interesa el texto completo? Comunicate al correo: koha@justierradelfuego.gov.ar 0aDERECHO LABORAL 0aCONTRATO DE TRABAJO 0aASOCIACIONES SINDICALES 0aLEY DE CONTRATO DE TRABAJO 0aCONVENIOS COLECTIVOS DE TRABAJO0 02751dBuenos Aires : AbeledoPerrot, 2013-tRevista de derecho laboral y seguridad social. Nº 13 - Julio 2023